[Event "?"]
[Site "ICC 2 12 01/16/98, Internet C"]
[Date "1998.??.??"]
[Round "?"]
[White "Brause"]
[Black "BountyHunter"]
[Result "1/2-1/2"]
[WhiteElo "2465"]
[BlackElo "2575"]
[PlyCount "132"]

1. e4 e5 2. Nf3 Nc6 3. Nc3 Nf6 4. Nxe5 Nxe5 5. d4 Ng6 6. e5 Ng8 7. Bc4 Bb4 8.
Qf3 Bxc3+ 9. bxc3 Qe7 10. O-O Rb8 11. Re1 b6 12. Qg3 Bb7 13. Bg5 Qa3 14. e6
fxe6 15. Bxe6 dxe6 16. Qxc7 Rc8 17. Qxb7 Qxc3 18. Qxg7 N8e7 19. Rad1 Rg8 20.
Qf6 Rc6 21. Rxe6 Rxe6 22. Qxe6 Rf8 23. Qe4 Rf5 24. Bxe7 Nxe7 25. Re1 Rf7 26.
Qa8+ Kd7 27. Qxa7+ Kc8 28. Qa8+ Kc7 29. Qe4 Nc6 30. d5 Qd2 31. Rf1 Nb4 32. c4
Qxa2 33. Qe6 Rd7 34. Qe5+ Kb7 35. Qc3 Na6 36. Ra1 Qe2 37. Qb3 Rf7 38. f3 Rf4
39. Rb1 Rf6 40. Qc3 Qe7 41. Re1 Qc5+ 42. Kf1 Rf7 43. Re4 b5 44. Qb3 Nb4 45. d6
Qxd6 46. cxb5 Qd3+ 47. Qxd3 Nxd3 48. Rd4 Nc5 49. Rd6 Rd7 50. Rxd7+ Nxd7 51. Kf2
Kb6 52. f4 Kxb5 53. g4 Kc5 54. g5 Kd5 55. Kf3 Ke6 56. Kg4 Kf7 57. f5 Ne5+ 58.
Kf4 Nd3+ 59. Ke3 Nb4 60. g6+ hxg6 61. fxg6+ Kxg6 62. Ke4 Kg5 63. h3 Nc6 64. Kd5
Na5 65. Ke6 Kh4 66. Kf7 Kxh3 1/2-1/2

[Event "?"]
[Site "ICC 2 12 03/23/98, Internet C"]
[Date "1998.??.??"]
[Round "?"]
[White "Brause"]
[Black "Abner"]
[Result "1-0"]
[WhiteElo "2540"]
[BlackElo "2675"]
[PlyCount "97"]

1. Nc3 Nf6 2. e4 e5 3. Nf3 Nc6 4. Nxe5 Nxe5 5. d4 Nc6 6. d5 Ne5 7. f4 Ng6 8. e5
Ng8 9. d6 cxd6 10. exd6 Qf6 11. Nb5 Kd8 12. Be3 Qxb2 13. Bd4 Qb4+ 14. c3 Qb2
15. Rb1 Qxa2 16. g3 b6 17. Be2 Bb7 18. O-O f6 19. c4 Be4 20. Nc3 Bc2 21. Qc1
Qxb1 22. Nxb1 Bxb1 23. Qxb1 Bxd6 24. Qa1 a5 25. Bxb6+ Bc7 26. Bxc7+ Kxc7 27.
Bf3 N8e7 28. Bxa8 Rxa8 29. Rd1 Nc6 30. Qa3 Rd8 31. Qd6+ Kc8 32. Qd5 Nge7 33.
Qf7 Rg8 34. Rd6 Kd8 35. c5 Nb8 36. Rb6 Nbc6 37. Ra6 Kc7 38. Rxc6+ Kxc6 39. Qxe7
h6 40. Qd6+ Kb5 41. Qd5 Rh8 42. c6+ Kb6 43. Qxd7 g5 44. f5 h5 45. c7 h4 46. Qd8
hxg3 47. Qxf6+ Kxc7 48. Qxh8 Kd6 49. f6 1-0

[Event "?"]
[Site "ICC 2 12 01/17/98, Internet C"]
[Date "1998.??.??"]
[Round "?"]
[White "Brause"]
[Black "LightsOut"]
[Result "1/2-1/2"]
[WhiteElo "2505"]
[BlackElo "2140"]
[PlyCount "46"]

1. e4 e5 2. Nf3 Nf6 3. Nc3 Nc6 4. Nxe5 Nxe5 5. d4 Nc6 6. d5 Ne5 7. f4 Ng6 8. e5
Ng8 9. d6 cxd6 10. exd6 Qa5 11. h4 Qb4 12. Qe2+ Kd8 13. f5 Nf4 14. Qf3 Bxd6 15.
g3 Nh5 16. Qxh5 Bxg3+ 17. Kd1 Nf6 18. Qxf7 Re8 19. Be2 Qd4+ 20. Bd3 Qg4+ 21.
Be2 Qd4+ 22. Bd3 Qg4+ 23. Be2 Qd4+ 1/2-1/2

[Event "?"]
[Site "ICC 2 12 04/24/98, Internet C"]
[Date "1998.??.??"]
[Round "?"]
[White "Brause"]
[Black "DoctorWho"]
[Result "1-0"]
[WhiteElo "2490"]
[BlackElo "2570"]
[PlyCount "53"]

1. e4 e5 2. Nf3 Nc6 3. Nc3 Nf6 4. Nxe5 Nxe5 5. d4 Nc6 6. d5 Ne5 7. f4 Ng6 8. e5
Ng8 9. d6 cxd6 10. exd6 Qa5 11. h4 h5 12. Qd4 Nf6 13. Bd3 Qb6 14. Qxb6 axb6 15.
Nb5 Nd5 16. O-O Ra4 17. Re1+ Kd8 18. g3 Rg8 19. c4 Nb4 20. Be3 Ra6 21. Bxg6
fxg6 22. f5 Nd5 23. cxd5 Ke8 24. fxg6 Be7 25. Bg5 Rh8 26. Bxe7 Rxa2 27. Nc7#
1-0

[Event "?"]
[Site "ICC 2 18 02/13/98, Internet C"]
[Date "1998.??.??"]
[Round "?"]
[White "Brause"]
[Black "Abner"]
[Result "1-0"]
[WhiteElo "2620"]
[BlackElo "2625"]
[PlyCount "59"]

1. e4 e5 2. Nf3 Nc6 3. Nc3 Nf6 4. Nxe5 Nxe5 5. d4 Nc6 6. d5 Ne5 7. f4 Ng6 8. e5
Ng8 9. d6 cxd6 10. exd6 Qf6 11. Nb5 Kd8 12. Be3 Qxb2 13. Bd4 Qb4+ 14. c3 Qb2
15. Rb1 Qxa2 16. g3 b6 17. Be2 Bb7 18. O-O f6 19. c4 Be4 20. Nc3 Bc2 21. Qc1
Bxb1 22. Nxa2 Bxa2 23. Qa3 Bb3 24. Bxb6+ Ke8 25. Re1 Be7 26. Bc7 Bc2 27. Bf3
Rc8 28. Qa6 Rd8 29. Bxd8 Ne5 30. Bh5+ 1-0

[Event "?"]
[Site "ICC 2 12 03/09/98, Internet C"]
[Date "1998.??.??"]
[Round "?"]
[White "Brause"]
[Black "pklm"]
[Result "1-0"]
[WhiteElo "2650"]
[BlackElo "2170"]
[PlyCount "49"]

1. Nc3 e5 2. Nf3 Nc6 3. e4 Nf6 4. Nxe5 Nxe5 5. d4 Ng6 6. e5 Be7 7. exf6 Bxf6 8.
Qe2+ Be7 9. Qh5 O-O 10. Bd3 Bf6 11. Be3 c6 12. Ne4 d5 13. Nxf6+ Qxf6 14. O-O h6
15. f4 Ne7 16. f5 Bd7 17. Rae1 Kh8 18. Bxh6 Qxh6 19. Qxh6+ gxh6 20. Rxe7 Rad8
21. Rf3 Bc8 22. Rfe3 Rd7 23. f6 Rxe7 24. Rxe7 Rd8 25. Rxf7 1-0

[Event "?"]
[Site "ICC 2 12 04/17/98, Internet C"]
[Date "1998.??.??"]
[Round "?"]
[White "Brause"]
[Black "Munchen"]
[Result "1/2-1/2"]
[WhiteElo "2635"]
[BlackElo "2485"]
[PlyCount "80"]

1. e4 e5 2. Nf3 Nc6 3. Nc3 Nf6 4. Nxe5 Nxe5 5. d4 Nc6 6. d5 Ne5 7. f4 Ng6 8. e5
Ng8 9. d6 a6 10. h4 cxd6 11. exd6 Qf6 12. Qe2+ Qe6 13. h5 Bxd6 14. hxg6 fxg6
15. Bd2 Qxe2+ 16. Bxe2 b5 17. Bf3 Rb8 18. O-O-O Bb7 19. Bxb7 Rxb7 20. Ne4 Bc7
21. Rhe1 Ne7 22. g3 Rb6 23. Bc3 Rg8 24. Bb4 Re6 25. Ng5 Rxe1 26. Rxe1 d6 27.
Nxh7 Kd7 28. Ng5 Nf5 29. Ne4 Kc6 30. g4 Nh6 31. g5 Nf5 32. Nf2 Rh8 33. Nd3 a5
34. Bd2 Kd5 35. b4 a4 36. Re2 Bb6 37. Re1 Rh2 38. Kd1 Ba7 39. Re2 Rxe2 40. Kxe2
Ke4 1/2-1/2

[Event "?"]
[Site "ICC 2 12 04/17/98, Internet C"]
[Date "1998.??.??"]
[Round "?"]
[White "Brause"]
[Black "Munchen"]
[Result "1-0"]
[WhiteElo "2625"]
[BlackElo "2495"]
[PlyCount "95"]

1. e4 e5 2. Nf3 Nc6 3. Nc3 Nf6 4. Nxe5 Nxe5 5. d4 Nc6 6. d5 Ne5 7. f4 Ng6 8. e5
Ng8 9. d6 a6 10. h4 cxd6 11. exd6 Qf6 12. Qe2+ Qe6 13. h5 Bxd6 14. hxg6 fxg6
15. Bd2 Qxe2+ 16. Bxe2 b5 17. Bf3 Rb8 18. O-O-O Bb7 19. Be4 Bxe4 20. Nxe4 Bc7
21. Rhe1 Ne7 22. g3 b4 23. Nc5 a5 24. Be3 Rb5 25. Bg1 Bb6 26. Ne4 Bc7 27. Bc5
d5 28. Bxe7 dxe4 29. Rxe4 Re5 30. Rxe5 Bxe5 31. Rd8+ Kxe7 32. Rxh8 Bd4 33. Rxh7
g5 34. fxg5 Kf7 35. Rh8 Bf2 36. Ra8 Bb6 37. Ra6 Bd8 38. Kd1 g6 39. a3 Kg7 40.
Ra7+ Kf8 41. axb4 axb4 42. Ra8 Ke7 43. Rb8 Bc7 44. Rb7 Kd6 45. Rxb4 Ke5 46. Rb7
Bd8 47. b4 Kf5 48. c4 1-0

[Event "?"]
[Site "ICC 2 12 03/19/98, Internet C"]
[Date "1998.??.??"]
[Round "?"]
[White "Brause"]
[Black "Munchen"]
[Result "0-1"]
[WhiteElo "2605"]
[BlackElo "2490"]
[PlyCount "129"]

1. e4 e5 2. Nf3 Nc6 3. Nc3 Nf6 4. Nxe5 Nxe5 5. d4 Ng6 6. e5 Ng8 7. Bc4 Bb4 8.
Qf3 Bxc3+ 9. bxc3 Qe7 10. O-O Rb8 11. Re1 Nh6 12. Rb1 O-O 13. Bxh6 gxh6 14. Re3
Kh8 15. Rbe1 Nh4 16. Qf4 Qg5 17. Qe4 d5 18. exd6 cxd6 19. Rg3 Qf6 20. Bd5 Bd7
21. Rge3 Rg8 22. g3 Rbe8 23. Qd3 Rxe3 24. Rxe3 Bc6 25. Bxc6 bxc6 26. Qe4 d5 27.
Qe7 Qxe7 28. Rxe7 Kg7 29. Rxa7 Nf3+ 30. Kg2 Ne1+ 31. Kh3 Re8 32. Rc7 Ra8 33.
Rxc6 Rxa2 34. Rd6 Rxc2 35. f4 Nf3 36. Rxd5 Kg6 37. g4 Nxh2 38. f5+ Kg5 39. f6+
Kg6 40. Kg3 Nf1+ 41. Kf4 Rxc3 42. Rc5 Rd3 43. Ke4 Rd1 44. Rc8 Nh2 45. Rg8+ Kxf6
46. Ke3 Rg1 47. Kf4 Ke6 48. Re8+ Kd5 49. Rd8+ Kc4 50. d5 Rxg4+ 51. Ke5 Nf3+ 52.
Kf6 Rg5 53. Rd7 Rg6+ 54. Kf5 Kd4 55. Kf4 Nh4 56. Ra7 Rf6+ 57. Kg4 Nf5 58. Rd7
Ne3+ 59. Kh5 Nxd5 60. Rb7 Ke4 61. Kh4 Rf1 62. Kg3 Rg1+ 63. Kf2 Rg7 64. Ra7 h5
65. Ra4+ 0-1

[Event "?"]
[Site "ICC 2 12 03/28/98, Internet C"]
[Date "1998.??.??"]
[Round "?"]
[White "Brause"]
[Black "ibrax"]
[Result "0-1"]
[WhiteElo "2455"]
[BlackElo "2255"]
[PlyCount "123"]

1. e4 e5 2. Nf3 Nc6 3. Nc3 Nf6 4. Nxe5 Nxe5 5. d4 Ng6 6. e5 Ng8 7. Bc4 Bb4 8.
Qf3 Bxc3+ 9. bxc3 Qe7 10. O-O Rb8 11. Re1 b6 12. Qg3 h6 13. h4 b5 14. Bb3 Rh7
15. a4 b4 16. Bd2 Nxh4 17. cxb4 Rb6 18. Qc3 Qd8 19. Qc4 g5 20. Qd3 Ng6 21. c4
Rb8 22. c5 c6 23. e6 dxe6 24. Bxe6 Bxe6 25. Rxe6+ N8e7 26. Re2 Kf8 27. Rae1 Nd5
28. b5 Qd7 29. bxc6 Qxc6 30. Qe4 Kg7 31. Qf3 Rb2 32. Kh1 Rh8 33. a5 Rhb8 34.
Qe4 a6 35. Kg1 Qd7 36. g3 R8b3 37. Bc1 Rxe2 38. Qxe2 Qa4 39. Qd2 Rb5 40. Qd3
Qxa5 41. Bd2 Qa4 42. Qe4 Qa2 43. Bc1 Qc4 44. Bd2 Rb2 45. Rc1 Qb3 46. Be1 Nf6
47. Qg2 Rb1 48. Rxb1 Qxb1 49. Qf1 Qa1 50. Bd2 Qxd4 51. Be3 Qa4 52. Qd3 Ne5 53.
Qd6 Nf3+ 54. Kg2 Qe4 55. Qxa6 Ng4 56. Qa1+ f6 57. Qc1 Nd4+ 58. Kh3 Qf5 59. Qg1
Nxf2+ 60. Kg2 Qf3+ 61. Kf1 Ng4+ 62. Qf2 0-1

[Event "?"]
[Site "ICC 2 12 03/29/98, Internet C"]
[Date "1998.??.??"]
[Round "?"]
[White "Brause"]
[Black "ibrax"]
[Result "0-1"]
[WhiteElo "2560"]
[BlackElo "2370"]
[PlyCount "129"]

1. e4 e5 2. Nf3 Nc6 3. Nc3 Nf6 4. Nxe5 Nxe5 5. d4 Ng6 6. e5 Ng8 7. Bc4 Bb4 8.
Qf3 Bxc3+ 9. bxc3 Qe7 10. O-O Rb8 11. Re1 b6 12. d5 Nxe5 13. Rxe5 Qxe5 14. Bf4
Qf6 15. Re1+ Kf8 16. Bxc7 Rb7 17. Qe4 Ne7 18. Be5 Qg6 19. Qxg6 hxg6 20. Bd6 b5
21. Bd3 Rh5 22. Bxe7+ Kg8 23. c4 bxc4 24. Bxc4 Kh7 25. g4 Rh3 26. Ba6 Rb8 27.
Bd3 Rb2 28. a3 Bb7 29. Kg2 Rh6 30. c4 Rb3 31. Re3 Kg8 32. Kg3 a5 33. a4 Ba6 34.
Bd8 Ra3 35. Bxa5 Rh8 36. Bc2 Rxe3+ 37. fxe3 Bxc4 38. e4 g5 39. Bc7 f6 40. a5
Kf7 41. Ba4 Ke7 42. Bd1 d6 43. Bf3 Kd7 44. Bb6 Bd3 45. h3 Kc8 46. Kg2 Re8 47.
Bf2 Bxe4 48. Bd4 Kb7 49. Bc3 Ka6 50. Kf2 Bxf3 51. Kxf3 Kb5 52. Bd2 Re5 53. Bc3
Rxd5 54. Ke2 Kc4 55. Bd2 Rb5 56. Be1 d5 57. Kf3 d4 58. Bd2 Rb3+ 59. Kf2 Rxh3
60. Kg2 Rd3 61. Be1 Rd1 62. Bf2 d3 63. Kg3 d2 64. Be3 Rg1+ 65. Bxg1 0-1

[Event "?"]
[Site "ICC 30 10 02/19/98, Internet "]
[Date "1998.??.??"]
[Round "?"]
[White "Brause"]
[Black "Abner"]
[Result "1-0"]
[WhiteElo "2305"]
[BlackElo "2465"]
[PlyCount "117"]

1. e4 e5 2. Nf3 Nc6 3. Nc3 Nf6 4. Nxe5 Nxe5 5. d4 Nc6 6. d5 Ne5 7. f4 Ng6 8. e5
Ng8 9. d6 cxd6 10. exd6 Qf6 11. Nb5 Kd8 12. Be3 Qxb2 13. Bd4 Qb4+ 14. c3 Qb2
15. Rb1 Qxa2 16. g3 b6 17. Be2 Bb7 18. O-O Nf6 19. Ra1 Qd5 20. Bf3 Qxb5 21.
Bxb7 Rb8 22. Rxa7 Ne8 23. c4 Qb4 24. f5 f6 25. fxg6 hxg6 26. Ba6 Qxd6 27. Bb5
Nc7 28. Rxf6 gxf6 29. Bxf6+ Kc8 30. Qxd6 Bxd6 31. Bxh8 Bc5+ 32. Kf1 d5 33. Be5
Nxb5 34. cxb5 Rb7 35. Rxb7 Kxb7 36. h4 Be7 37. Ke2 Kc8 38. Bd4 Kc7 39. Bf2 Bd6
40. g4 Be5 41. h5 gxh5 42. gxh5 Bg7 43. Kd3 Bf8 44. Be3 Kd6 45. Bxb6 Bh6 46.
Be3 Bg7 47. Bd4 Bh6 48. Kc3 Bf4 49. b6 Kc6 50. Kb4 Bh6 51. Ka5 Kb7 52. Kb5 Bf4
53. Bg7 d4 54. Bxd4 Bh6 55. Bc5 Bf4 56. Bf8 Be3 57. h6 Bxb6 58. Bg7 Bf2 59. h7
1-0

[Event "?"]
[Site "ICC 3 0 01/20/98, Internet Ch"]
[Date "1998.??.??"]
[Round "?"]
[White "MoonBeam"]
[Black "BruteForce"]
[Result "0-1"]
[WhiteElo "2685"]
[BlackElo "2600"]
[PlyCount "100"]

1. e4 e5 2. Nf3 Nc6 3. Nc3 Nf6 4. Nxe5 Nxe5 5. f4 Ng6 6. f5 Ne7 7. Bb5 a6 8.
Ba4 b5 9. e5 Nfd5 10. Bb3 Nxc3 11. Qf3 Nc6 12. f6 gxf6 13. exf6 d5 14. dxc3 Be6
15. Be3 Bd6 16. a4 Ne5 17. Qh5 Ng4 18. Bg5 Be5 19. Qh4 Rc8 20. axb5 axb5 21.
Rd1 c6 22. h3 Bxf6 23. Bxf6 Nxf6 24. Qd4 O-O 25. O-O Ne4 26. Rfe1 Re8 27. c4
Qg5 28. h4 Qxh4 29. cxd5 cxd5 30. c3 Bg4 31. Rb1 Ng3 32. Qxd5 Ne2+ 33. Rxe2
Rxe2 34. Qxf7+ Kh8 35. Bd5 Rce8 36. Rf1 Re1 37. Be6 R1xe6 38. Qf4 Re2 39. Qd4+
Kg8 40. Qd5+ Be6 41. Qf3 Bc4 42. b3 Bxb3 43. Qf5 Bc4 44. Qh3 Qxh3 45. gxh3 R8e3
46. Rf4 Rg3+ 47. Kf1 Rh2+ 48. Rxc4 bxc4 49. h4 h5 50. Ke1 Rg1# 0-1

[Event "?"]
[Site "ICC 3 0 03/10/98, Internet Ch"]
[Date "1998.??.??"]
[Round "?"]
[White "Brause"]
[Black "YucoII"]
[Result "0-1"]
[WhiteElo "2615"]
[BlackElo "2735"]
[PlyCount "117"]

1. Nc3 Nf6 2. e4 e5 3. Nf3 Nc6 4. Nxe5 Nxe5 5. d4 Ng6 6. e5 Ng8 7. Bc4 Bb4 8.
Qf3 Bxc3+ 9. bxc3 f5 10. h4 N8e7 11. h5 Nf8 12. Qg3 g5 13. hxg6 Nfxg6 14. Ba3
f4 15. Qg5 d5 16. Bd3 Nf8 17. Qh5+ Kd7 18. Qf7 Qe8 19. Bf5+ Kd8 20. Bxe7+ Qxe7
21. Qxd5+ Nd7 22. Rh3 c6 23. Qe4 Qg5 24. e6 Re8 25. Rxh7 Nf8 26. Qe5 Rxe6 27.
Bxe6 Qxe5+ 28. dxe5 Nxh7 29. Bb3 Bg4 30. f3 Bf5 31. Kf2 Nf8 32. Rh1 Ke7 33. Rh5
Bg6 34. Rg5 Bf7 35. Bxf7 Kxf7 36. g3 fxg3+ 37. Kxg3 Rd8 38. f4 Rd2 39. f5 Rxc2
40. Kf4 Rxa2 41. Ke3 a5 42. Rg4 b5 43. Rg5 Rh2 44. Kd4 Rh4+ 45. Kd3 c5 46. Rg3
c4+ 47. Ke3 b4 48. cxb4 axb4 49. Rg1 b3 50. Rb1 Ke7 51. Kf3 c3 52. Rxb3 c2 53.
Rb7+ Kd8 54. Rb8+ Kc7 55. Rxf8 c1=Q 56. Rf7+ Kb6 57. Rf6+ Kc5 58. Rc6+ Kxc6 59.
f6 0-1

[Event "?"]
[Site "ICC 3 0 03/10/98, Internet Ch"]
[Date "1998.??.??"]
[Round "?"]
[White "Brause"]
[Black "KnightC"]
[Result "1-0"]
[WhiteElo "2630"]
[BlackElo "2390"]
[PlyCount "38"]

1. e4 e5 2. Nf3 Nc6 3. Nc3 Nf6 4. Nxe5 Nxe5 5. d4 Ng6 6. e5 Ng8 7. Bc4 d6 8.
Qf3 Qd7 9. h4 dxe5 10. h5 Nf4 11. dxe5 Ne6 12. Be3 Nd8 13. h6 Nxh6 14. Bxh6
gxh6 15. Nd5 Bb4+ 16. Nxb4 Qd4 17. Bb5+ c6 18. Nxc6 Nxc6 19. Bxc6+ Kf8 1-0

[Event "?"]
[Site "ICC 3 0 03/10/98, Internet Ch"]
[Date "1998.??.??"]
[Round "?"]
[White "Brause"]
[Black "KnightC"]
[Result "1-0"]
[WhiteElo "2640"]
[BlackElo "2385"]
[PlyCount "41"]

1. e4 e5 2. Nf3 Nc6 3. Nc3 Nf6 4. Nxe5 Nxe5 5. d4 Ng6 6. e5 Ng8 7. Bc4 d6 8.
Qf3 Qd7 9. h4 dxe5 10. h5 Nf4 11. dxe5 Ne6 12. Be3 Nd8 13. h6 Nxh6 14. Bxh6
gxh6 15. Nd5 Bb4+ 16. Nxb4 Qd4 17. Bb5+ Kf8 18. Nd3 c6 19. c3 Qd5 20. Qxd5 cxd5
21. Rxh6 1-0

[Event "?"]
[Site "ICC 3 0 03/10/98, Internet Ch"]
[Date "1998.??.??"]
[Round "?"]
[White "Brause"]
[Black "KnightC"]
[Result "1-0"]
[WhiteElo "2645"]
[BlackElo "2380"]
[PlyCount "52"]

1. e4 e5 2. Nf3 Nc6 3. Nc3 Nf6 4. Nxe5 Nxe5 5. d4 Ng6 6. e5 Ng8 7. Bc4 d6 8.
Qf3 Qd7 9. h4 dxe5 10. h5 Nf4 11. dxe5 Ne6 12. Be3 Nd8 13. h6 Nxh6 14. Bxh6
gxh6 15. Nd5 Bb4+ 16. Nxb4 Qd4 17. Bb5+ Kf8 18. Nd3 c6 19. c3 Qd5 20. Qxd5 cxd5
21. Rxh6 a6 22. Ba4 Rg8 23. g3 Rg4 24. Nf4 Ne6 25. Bd1 Rg5 26. Rh5 Nxf4 1-0

[Event "?"]
[Site "ICC 3 0 03/10/98, Internet Ch"]
[Date "1998.??.??"]
[Round "?"]
[White "Brause"]
[Black "KnightC"]
[Result "1/2-1/2"]
[WhiteElo "2650"]
[BlackElo "2375"]
[PlyCount "44"]

1. e4 e5 2. Nf3 Nc6 3. Nc3 Nf6 4. Nxe5 Nxe5 5. d4 Ng6 6. e5 Ng8 7. Bc4 d6 8.
Qf3 Qd7 9. h4 dxe5 10. h5 Nf4 11. dxe5 Ne6 12. Be3 Nd8 13. h6 Qf5 14. Qxf5 Bxf5
15. Nb5 Rc8 16. Nxa7 Rb8 17. Nb5 Nxh6 18. O-O-O Rc8 19. Na7 Ra8 20. Nb5 Rc8 21.
Na7 Ra8 22. Nb5 Rc8 1/2-1/2

[Event "?"]
[Site "ICC 3 0 03/10/98, Internet Ch"]
[Date "1998.??.??"]
[Round "?"]
[White "Brause"]
[Black "KnightC"]
[Result "1/2-1/2"]
[WhiteElo "2630"]
[BlackElo "2395"]
[PlyCount "131"]

1. e4 e5 2. Nf3 Nc6 3. Nc3 Nf6 4. Nxe5 Nxe5 5. d4 Ng6 6. e5 Ng8 7. Bc4 d6 8.
Qf3 Qd7 9. h4 dxe5 10. h5 Nf4 11. dxe5 Ne6 12. Be3 Nd8 13. h6 Qf5 14. Qxf5 Bxf5
15. Nb5 Rc8 16. Nxa7 Rb8 17. Nb5 Nxh6 18. Bxh6 gxh6 19. Nxc7+ Kd7 20. Nd5 Kc6
21. O-O-O b5 22. Be2 Rg8 23. Bf3 Rg5 24. Nf6+ Kb6 25. g4 Be6 26. Nxh7 Rg8 27.
Nxf8 Rxf8 28. Rxh6 Kc5 29. Rd6 b4 30. g5 Rg8 31. Rh5 Rc8 32. Be4 Re8 33. Rd1
Nc6 34. g6 Nd4 35. gxf7 Bxf7 36. Rg5 Be6 37. Kb1 Rf8 38. Rd2 Rf4 39. Bb7 Rcf8
40. c3 bxc3 41. bxc3 Nb5 42. Kc2 R8f7 43. Bg2 Rxf2 44. a4 Rxd2+ 45. Kxd2 Rd7+
46. Kc2 Na3+ 47. Kc1 Rd3 48. Rg6 Rxc3+ 49. Kd2 Nb1+ 50. Ke2 Bc4+ 51. Kf2 Ra3
52. Bc6 Nc3 53. Rd6 Ra2+ 54. Kf3 Kb4 55. Rd4 Kb3 56. Rd6 Ra1 57. Rd8 Rf1+ 58.
Ke3 Re1+ 59. Kf4 Kb4 60. Rb8+ Kc5 61. Rc8 Rf1+ 62. Ke3 Kb4 63. Rb8+ Kc5 64. Rc8
Kb4 65. Rb8+ Kc5 66. Rc8 1/2-1/2

[Event "?"]
[Site "ICC 3 0 03/10/98, Internet Ch"]
[Date "1998.??.??"]
[Round "?"]
[White "Brause"]
[Black "KnightC"]
[Result "1-0"]
[WhiteElo "2620"]
[BlackElo "2405"]
[PlyCount "48"]

1. e4 e5 2. Nf3 Nc6 3. Nc3 Nf6 4. Nxe5 Nxe5 5. d4 Ng6 6. e5 Ng8 7. Bc4 d6 8.
Qf3 Qd7 9. O-O dxe5 10. dxe5 c6 11. Re1 h6 12. e6 fxe6 13. Bxe6 Qxe6 14. Rxe6+
Bxe6 15. Qg3 Bf5 16. Qc7 Rc8 17. Qxb7 a5 18. Ne4 Be7 19. Bd2 a4 20. Re1 Kf8 21.
Ng3 Rd8 22. Ba5 Rd5 23. Nxf5 Kf7 24. Qxc6 Nf4 1-0

[Event "?"]
[Site "ICC 3 0 03/10/98, Internet Ch"]
[Date "1998.??.??"]
[Round "?"]
[White "Brause"]
[Black "KnightC"]
[Result "1/2-1/2"]
[WhiteElo "2625"]
[BlackElo "2395"]
[PlyCount "37"]

1. e4 e5 2. Nf3 Nc6 3. Nc3 Nf6 4. Nxe5 Nxe5 5. d4 Ng6 6. e5 Ng8 7. Bc4 d6 8.
Qf3 Qd7 9. O-O dxe5 10. dxe5 a6 11. Re1 c6 12. Bg5 Qc7 13. Rad1 Be6 14. Bxe6
fxe6 15. Qg4 Qf7 16. Qd4 Qc7 17. Qg4 Qf7 18. Qd4 Qc7 19. Qg4 1/2-1/2

[Event "?"]
[Site "ICC 3 0 03/10/98, Internet Ch"]
[Date "1998.??.??"]
[Round "?"]
[White "Brause"]
[Black "KnightC"]
[Result "1-0"]
[WhiteElo "2620"]
[BlackElo "2405"]
[PlyCount "42"]

1. e4 e5 2. Nf3 Nc6 3. Nc3 Nf6 4. Nxe5 Nxe5 5. d4 Ng6 6. e5 Ng8 7. Bc4 d6 8.
Qf3 Qd7 9. O-O dxe5 10. dxe5 a6 11. Re1 c6 12. Ne4 Bb4 13. c3 Qe7 14. cxb4 Nxe5
15. Qc3 Nxc4 16. Qxg7 Qxb4 17. Nf6+ Kd8 18. Bf4 Be6 19. Rad1+ Kc8 20. Rxe6 Ne5
21. Bxe5 b5 1-0

[Event "?"]
[Site "ICC 3 0 03/10/98, Internet Ch"]
[Date "1998.??.??"]
[Round "?"]
[White "Brause"]
[Black "KnightC"]
[Result "0-1"]
[WhiteElo "2625"]
[BlackElo "2400"]
[PlyCount "80"]

1. e4 e5 2. Nf3 Nc6 3. Nc3 Nf6 4. Nxe5 Nxe5 5. d4 Ng6 6. e5 Ng8 7. Bc4 d6 8.
Qf3 Qd7 9. O-O dxe5 10. dxe5 Bb4 11. Rd1 Nxe5 12. Qg3 Qf5 13. Re1 Bd6 14. Qxg7
Qf6 15. Qxf6 Nxf6 16. Bf4 Nfg4 17. h3 O-O 18. Bd5 c6 19. hxg4 Nf3+ 20. Bxf3
Bxf4 21. Rad1 Be6 22. Ne2 Bc7 23. Nd4 Rad8 24. Nxe6 Rxd1 25. Rxd1 fxe6 26. Re1
Kf7 27. Be4 Kg7 28. a3 Bb6 29. Re2 Rf4 30. Bf3 Kf6 31. c3 Rc4 32. Rd2 Ke7 33.
Kh2 Ra4 34. g3 Bc7 35. Kh3 Bd6 36. Be2 e5 37. Bd3 h6 38. Kh4 Kf8 39. Kh5 Be7
40. Bc2 Ra6 0-1

[Event "?"]
[Site "ICC 3 0 03/10/98, Internet Ch"]
[Date "1998.??.??"]
[Round "?"]
[White "Brause"]
[Black "KnightC"]
[Result "1-0"]
[WhiteElo "2600"]
[BlackElo "2425"]
[PlyCount "44"]

1. e4 e5 2. Nf3 Nc6 3. Nc3 Nf6 4. Nxe5 Nxe5 5. d4 Ng6 6. e5 Ng8 7. Bc4 d6 8.
Qf3 Qd7 9. O-O dxe5 10. dxe5 Bb4 11. Rd1 Qe7 12. Bxf7+ Qxf7 13. Rd8+ Ke7 14.
Bg5+ Nf6 15. exf6+ Kxd8 16. fxg7+ Ke8 17. Re1+ Be6 18. gxh8=Q+ Nxh8 19. Qxb7
Rd8 20. Qb5+ Qd7 21. Qxb4 Rc8 22. Nd5 c5 1-0

[Event "?"]
[Site "ICC 3 0 03/10/98, Internet Ch"]
[Date "1998.??.??"]
[Round "?"]
[White "Brause"]
[Black "KnightC"]
[Result "0-1"]
[WhiteElo "2610"]
[BlackElo "2415"]
[PlyCount "140"]

1. e4 e5 2. Nf3 Nc6 3. Nc3 Nf6 4. Nxe5 Nxe5 5. d4 Ng6 6. e5 Ng8 7. Bc4 d6 8.
Qf3 Qd7 9. e6 fxe6 10. O-O d5 11. Bd3 Qf7 12. Qxf7+ Kxf7 13. Bxg6+ hxg6 14. Bf4
c5 15. dxc5 Bxc5 16. Be3 Bd6 17. f4 Bd7 18. Rad1 Nf6 19. Bd4 g5 20. Be5 Bc5+
21. Bd4 Bxd4+ 22. Rxd4 gxf4 23. Rdxf4 Ke7 24. Rb4 Rab8 25. Rbf4 Kd6 26. R4f3 d4
27. Ne2 e5 28. Ng3 Ng4 29. Rf7 Rxh2 30. Rxg7 Rbh8 31. Rff7 Bc8 32. c3 Ne3 33.
Rf2 d3 34. Rd2 Ke6 35. Rg6+ Ke7 36. Rg7+ Kf6 37. Rc7 Be6 38. Rxb7 Bd5 39. Rxa7
e4 40. Rf2+ Ke6 41. b3 R8h6 42. Ra6+ Kd7 43. Rxh6 Rxh6 44. c4 Bc6 45. Rd2 Ng4
46. Nf5 Rf6 47. Nd4 Rd6 48. Nf5 e3 49. Nxe3 Nxe3 50. c5 Rd4 51. a4 Bd5 52. a5
Kc6 53. Kf2 Ng4+ 54. Kf1 Kxc5 55. Ke1 Bxb3 56. a6 Bc2 57. Kf1 Ra4 58. g3 Ne3+
59. Kf2 Nc4 60. Rxd3 Bxd3 61. g4 Rxa6 62. Kg3 Ra1 63. Kg2 Ne5 64. g5 Be4+ 65.
Kg3 Rf1 66. Kh2 Rf2+ 67. Kh3 Rg2 68. g6 Rg5 69. Kh4 Nf3+ 70. Kh3 Bf5# 0-1

[Event "?"]
[Site "ICC 3 0 03/10/98, Internet Ch"]
[Date "1998.??.??"]
[Round "?"]
[White "Brause"]
[Black "KnightC"]
[Result "1-0"]
[WhiteElo "2585"]
[BlackElo "2440"]
[PlyCount "126"]

1. e4 e5 2. Nf3 Nc6 3. Nc3 Nf6 4. Nxe5 Nxe5 5. d4 Ng6 6. e5 Ng8 7. Bc4 d6 8.
Qf3 Qd7 9. O-O dxe5 10. dxe5 h6 11. Re1 Rb8 12. e6 fxe6 13. Bb5 c6 14. Qg3 cxb5
15. Qxb8 a6 16. Rd1 Qc6 17. Be3 b4 18. Ne2 e5 19. Rd2 Nf6 20. Ng3 Nd7 21. Qa7
b5 22. Rad1 Nf4 23. f3 Ne6 24. Nf5 b3 25. cxb3 Nd4 26. Bxd4 exd4 27. b4 Bxb4
28. Nxd4 Bc5 29. Kh1 Qd5 30. Qc7 O-O 31. Nb3 Qc4 32. Nxc5 Nxc5 33. Rd4 Qc2 34.
b4 Qxa2 35. Qxc5 Qf2 36. Qd5+ Kh7 37. R4d2 Qh4 38. Qd4 Qxd4 39. Rxd4 Rf6 40.
Rd6 Rf4 41. R1d4 Rxd4 42. Rxd4 Kg6 43. Rd8 Be6 44. Rd6 Kf5 45. Rxa6 Bc4 46. h4
h5 47. Kh2 Bd5 48. Kh3 Bc4 49. g4+ Kf4 50. Rg6 Bf1+ 51. Kh2 Be2 52. gxh5 Bxf3
53. Rg5 Be2 54. Kg1 Bf3 55. Kf2 Bg4 56. Rxb5 Bf5 57. Rb7 Bg4 58. b5 Bxh5 59. b6
g5 60. Rg7 Bf3 61. Rf7+ Ke5 62. Rxf3 Kd6 63. Rf6+ Kd5 1-0

[Event "?"]
[Site "ICC 3 0 03/10/98, Internet Ch"]
[Date "1998.??.??"]
[Round "?"]
[White "Brause"]
[Black "KnightC"]
[Result "1-0"]
[WhiteElo "2570"]
[BlackElo "2450"]
[PlyCount "141"]

1. e4 e5 2. Nf3 Nc6 3. Nc3 Nf6 4. Nxe5 Nxe5 5. d4 Ng6 6. e5 Ng8 7. Bc4 d6 8.
Qf3 Qd7 9. O-O dxe5 10. dxe5 h6 11. Re1 Rb8 12. e6 fxe6 13. Bb5 c6 14. Qg3 cxb5
15. Qxb8 b4 16. Nb5 a6 17. Nc7+ Kf7 18. Nxe6 Bd6 19. Qa7 N8e7 20. Nd4 Qc7 21.
Be3 Bd7 22. Nf3 Nc6 23. Qb6 Bf5 24. Qxc7+ Bxc7 25. Rac1 Rd8 26. Nd2 Be6 27. Ne4
Bd5 28. Nc5 Na5 29. Rcd1 Nh4 30. Rd4 Nxg2 31. Red1 Nxe3 32. fxe3 b3 33. cxb3
Rd6 34. Rxd5 Rg6+ 35. Kh1 Kg8 36. Rf1 Rd6 37. e4 Rg6 38. Rd7 Bb6 39. b4 Bxc5
40. bxc5 Rg4 41. e5 Re4 42. Rff7 g5 43. Rfe7 Kf8 44. Rh7 Ke8 45. Rc7 Kd8 46.
Rcg7 Rxe5 47. b4 Nc6 48. Rxb7 h5 49. Rxh5 Re1+ 50. Kg2 Re2+ 51. Kf1 Re4 52.
Rh8+ Re8 53. Rxe8+ Kxe8 54. a4 Nd4 55. b5 axb5 56. axb5 Kd8 57. b6 g4 58. Rc7
Nf3 59. c6 Ne5 60. Ke2 g3 61. hxg3 Nxc6 62. Rxc6 Kd7 63. Rc7+ Kd6 64. g4 Ke5
65. b7 Kf4 66. Rg7 Ke5 67. b8=Q+ Ke6 68. Qb6+ Kd5 69. Qb5+ Kd4 70. Rc7 Ke4 71.
Rc4# 1-0

[Event "?"]
[Site "ICC 3 0 03/10/98, Internet Ch"]
[Date "1998.??.??"]
[Round "?"]
[White "Brause"]
[Black "KnightC"]
[Result "1/2-1/2"]
[WhiteElo "2595"]
[BlackElo "2430"]
[PlyCount "57"]

1. e4 e5 2. Nf3 Nc6 3. Nc3 Nf6 4. Nxe5 Nxe5 5. d4 Ng6 6. e5 Ng8 7. Bc4 d6 8.
Qf3 Qd7 9. O-O dxe5 10. dxe5 h6 11. Re1 Rb8 12. e6 fxe6 13. Bb5 c6 14. Qg3 cxb5
15. Qxb8 Bb4 16. Rd1 Qc6 17. Nxb5 Nh4 18. Qg3 Qxb5 19. Qxh4 Nf6 20. Qg3 O-O 21.
Bxh6 Nh5 22. Qg4 Qf5 23. Qxf5 exf5 24. Be3 b6 25. Rd4 Bc5 26. Rd3 Bb4 27. Rd4
Bc5 28. Rd3 Bb4 29. Rd4 1/2-1/2